000
00268nam a22001217a 4500
008
170823b xxu||||| |||| 00| 0 eng d
041
_a
eng
080
_2
9 ED
_a
51
100
_a
38
101
_a
MAT
245
_a
ALGEBRA AND TRIGOMETRY
_c
LARSON.R
942
_2
udc
_c
BK
999
_c
24688
_d
24688